00286 a2200109 4500001000700000020000600007040001100013100003400024240005700058245005200115362000900167168924 a  cMagnum aMelo, Jose Augusto de (Orgs.)10a2000 Questoes objetivas - caderno de atividadeslpor10a2000 Questoes objetivas - caderno de atividades0 a1899